000 00487nam a22001697a 4500
999 _c3373
_d3373
003 OSt
005 20181109133105.0
008 181109b ||||| |||| 00| 0 eng d
040 _cDLC
082 _a253
245 _aSeven Steps To Transforming Your Church /
_cBy Global Leadership Network.
260 _aAndhra Pradesh, India :
_bG.L.N.
_cc2001.
300 _a55 p.:
500 _aExercises
650 _aSeven Steps To Transforming Church
_xGlobal Leadership Network
942 _2ddc
_cBK